000
00216 a2200097 4500
020
_a
9789357328845
100
_a
Paulo Coelho
245
_a
Maktub(മക്തൂബ്)
260
_b
D C books
_c
2024
942
_c
OO
999
_c
115305
_d
115304